طاقة الرياح: نقطة تحول / (رقم التسجيلة. 80719)

تفاصيل مارك
000 -LEADER
fixed length control field 00667nam a22002057a 4500
005 - DATE AND TIME OF LATEST TRANSACTION
control field 20251108172506.0
008 - FIXED-LENGTH DATA ELEMENTS--GENERAL INFORMATION
fixed length control field 250721s9999 xx 000 0 ara d
082 14 - DEWEY DECIMAL CLASSIFICATION NUMBER
Classification number 551.51فلا
100 1# - MAIN ENTRY--PERSONAL NAME
Personal name فلافين، كريستوفر
245 10 - TITLE STATEMENT
Title طاقة الرياح: نقطة تحول /
264 1# - PRODUCTION, PUBLICATION, DISTRIBUTION, MANUFACTURE, AND COPYRIGHT NOTICE
Place of production, publication, distribution, manufacture القاهرة :
Name of producer, publisher, distributor, manufacturer الجمعية المصرية لنشر المعرفة والثقافة العالمية،
300 ## - PHYSICAL DESCRIPTION
Extent 87ص
650 17 - SUBJECT ADDED ENTRY--TOPICAL TERM
Topical term or geographic name as entry element الرياح
650 17 - SUBJECT ADDED ENTRY--TOPICAL TERM
Topical term or geographic name as entry element الأحوال الجوية
650 17 - SUBJECT ADDED ENTRY--TOPICAL TERM
Topical term or geographic name as entry element العواصف
650 17 - SUBJECT ADDED ENTRY--TOPICAL TERM
Topical term or geographic name as entry element طاقة الرياح
700 1# - ADDED ENTRY--PERSONAL NAME
Personal name هدارة، سيد رمضان
Relator term مترجم
942 ## - ADDED ENTRY ELEMENTS (KOHA)
Source of classification or shelving scheme Dewey Decimal Classification
Koha item type كتب
المقتنيات
حالة السحب حالة الفقدان مصدر التصنيف حالة التلف غير قابل للإعارة المكتبة الرئيسية المكتبة الحالية موقع الرف تاريخ التزويد الرقم المتسلسل Total Checkouts رقم الإستدعاء الباركود تاريخ آخر ظهور تاريخ الفاتورة نوع المادة (كوها)
    Dewey Decimal Classification   Not For Loan مكتبة منتدى الرواد مكتبة منتدى الرواد لا يعار 28/07/2025 1652187   551.51فلا PLD00413546 28/07/2025 28/07/2025 كتب
Implemented & Customized by: BBB with SCIT (Smart Chains for Information Technology)

Powered by Koha